| 000 | 00735nam a2200241Ia 4500 | ||
|---|---|---|---|
| 005 | 20260704175958.0 | ||
| 008 | 260704s9999||||xx |||||||||||||| ||und|| | ||
| 020 |
_a9780691130019 _qpbk |
||
| 082 |
_a901 _bCHA |
||
| 100 | _aChakrabarty, Dipesh | ||
| 245 | 0 | _aProvincializing Europe : postcolonial thought and historical difference | |
| 250 | _aReissue 2008 | ||
| 260 |
_aPrinceton _bPrinceton University Press _c2000 |
||
| 300 | _axxvi, 301p. ; 23cm. | ||
| 490 | _aPrinceton studies in culture/power/history | ||
| 653 | _aDecolonization | ||
| 653 | _aEurocentrism | ||
| 653 | _aEurocentrism | ||
| 653 | _aEurope--History--Philosophy | ||
| 653 | _aHistoriography--Europe | ||
| 653 | _aIndia--Historiography | ||
| 942 | _cBK | ||
| 999 |
_c57388 _d57388 |
||